Některé genetické aspekty kožních T-lymfomů

Bibliographic Details
Main Authors: Vašků, Vladimír, 1954- (Author), Hollá, Lydie, 1971- (Author), Tschoplová, S. (Author), Vácha, J. (Author), Semrádová, V. (Author)
Format: Article
Language:Slovak
Czech
PhysicalDescription:Tab.
ISSN:0009-0514
Subjects:

MARC

LEADER 00000nab a2200000 a 4500
001 vtls000796894
003 SK-MaSNL
005 20260304113449.0
008 250429c2000 xo 0 slo
015 |a SNBRB2002/06-19383 
035 |a CLN000148549 
035 |a urn:nbn:sk:snk-abagji 
035 |a (urnnbn)urn:nbn:sk:snk:ar-007owq 
035 |a (uuid)d983cfff-b832-46bf-ab91-d85656727cc9 
040 |a SNKBUCL  |b slo  |c SNKBUCL  |e AACR2 
041 0 |a cze 
044 |a xo  |c SK 
080 |a 616.5-004  |2 1997 
245 0 0 |a Některé genetické aspekty kožních T-lymfomů  |c V. Vašků ... [et al.] 
300 |a Tab. 
504 |a Res. angl., čes. 
504 |a Bibliogr. odkazy 
650 0 7 |a T-bunkový lymfóm  |2 snkbucl  |9 707062 
655 7 |a články z novín a časopisov  |2 snkbucl  |9 267496 
700 1 |a Vašků, Vladimír,  |d 1954-  |4 aut  |9 74619 
700 1 |a Hollá, Lydie,  |d 1971-  |4 aut  |9 99075 
700 1 |a Tschoplová, S.  |4 aut  |9 1416812 
700 1 |a Vácha, J.  |4 aut  |9 803355 
700 1 |a Semrádová, V.  |4 aut  |9 1143768 
773 0 |t Česko-slovenská dermatologie  |g Roč. 75, č. 2 (2000), s. 59-63  |x 0009-0514 
850 |a Slovenská národná knižnica 
852 |a Slovenská národná knižnica 
954 |a odborná, vedecká literatúra cudzojazyčná (svetová)  |2 lita 
958 |a article14 
958 |a OND 
958 |a MI 
958 |a NB 
958 |a EUIPO 
999 |c 2869506  |d 2871436